Elsevier's dictionary of high vacuum science and technology in six languages (Record no. 41709)

MARC details
000 -LEADER
fixed length control field 00485nam a2200121 a 4500
008 - FIXED-LENGTH DATA ELEMENTS--GENERAL INFORMATION
fixed length control field 120416s1968 ||||||||||||||||| || u
050 ## - LIBRARY OF CONGRESS CALL NUMBER
Classification number TJ 940 Els
245 00 - TITLE STATEMENT
Title Elsevier's dictionary of high vacuum science and technology in six languages
Statement of responsibility, etc. compiled by Fritz Weber
260 ## - PUBLICATION, DISTRIBUTION, ETC.
Place of publication, distribution, etc. Amsterdam
Name of publisher, distributor, etc. Elsevier Pub
Date of publication, distribution, etc. 1968
300 ## - PHYSICAL DESCRIPTION
Extent xiv, 539p.
350 ## - PRICE (NR) (BK AM CF MU VM SE) [OBSOLETE]
Price 0.00
995 ## - RECOMMENDATION 995 [LOCAL, UNIMARC FRANCE]
-- 0.00
-- CBU-MAIN LIBRARY (Kitwe)
-- 1
-- 40.00
-- 1
-- REFERENCE
-- Reference Collection
Holdings
Withdrawn status Lost status Source of classification or shelving scheme Damaged status Not for loan Home library Current library Shelving location Date acquired Total Checkouts Full call number Barcode Date due Date last seen Date last checked out Price effective from Koha item type
          CBU-MAIN LIBRARY, KITWE. CBU-MAIN LIBRARY, KITWE.   11/30/2022 1 TJ 940 Els 023320 12/31/2024 12/16/2024 12/16/2024 11/30/2022 MONOGRAPH